|
|
|
|
| LEADER |
00848nam a2200241 a 4500 |
| 001 |
GR-MES5243 |
| 008 |
991111s1994 nyu 000 b eng d |
| 020 |
|
|
|a 0201633574
|
| 040 |
|
|
|a GrPaTEI
|b gre
|c GR-PaULI
|
| 245 |
0 |
0 |
|a Firewalls and internet security :
|b repelling the wily hacker.
|
| 260 |
|
|
|a New York :
|b Addison-Wesley,
|c 1994
|
| 300 |
|
|
|a 306σ.
|
| 500 |
|
|
|a bibliography:p(257-278)
|
| 650 |
|
4 |
|a ΑΣΦΑΛΕΙΑ ΔΙΚΤΥΟΥ
|
| 650 |
|
4 |
|a ΔΙΚΤΥΑ
|
| 650 |
|
4 |
|a Η/Υ
|
| 650 |
|
4 |
|a ΙΝΤΕΡΝΕΤ
|
| 700 |
1 |
|
|a Bellovin, S.
|
| 700 |
1 |
|
|a Cheswick, W.
|
| 942 |
|
|
|2 ddc
|
| 952 |
|
|
|0 0
|1 0
|2 ddc
|4 0
|6 005_800000000000000_CHE
|7 0
|9 275810
|a MSLG
|b MSLG
|c BSC
|d 2021-01-17
|e 24
|f 0
|g 0.00
|l 0
|o 005.8 CHE
|p 2420000015473
|r 2021-01-17 00:00:00
|t 1
|w 2021-01-17
|y BK15
|x 19991111 0 1
|x GrPaTEI
|
| 971 |
|
|
|a .b25837102
|b 15-04-20
|c 14-09-16
|
| 999 |
|
|
|c 159866
|d 159866
|